000 01390nam a2200277Ia 4500
999 _c55845
_d55845
001 22942
003 GE_BSU
005 20230607112247.0
008 181216s ||||ge |||||||||||||| ||geo||
040 _cGE_BSU
041 _ageo
080 _a821.353.1(092)(060.55) კ-49
100 _aკიკნაძე, გრიგოლ
_915204
245 _aვაჟა-ფშაველას შემოქმედება : [1861-1915] /
_cგრიგოლ კიკნაძე ; რედ. დ. ლაშქარაძე ; მხატვ. შ.კუპრაშვილი.
264 _aთბილისი :
_bსახელგამი,
_c1957.
300 _a321 გვ. :
_b1ფოტო პორტ.;
_c22სმ.
504 _aბიბლიოგრ. გვ. 320
541 _h2ლ.
653 _aვაჟა-ფშაველას შემოქმედება : [1861-1915]
653 _aლიტერატურათმცოდნეობა და კრიტიკა
653 _aმასალები ვაჟა-ფშაველას შემოქმედებაზე
653 _aქართული ლიტერატურა
700 _aლაშქარაძე, დ.
_eრედაქტორი
_914588
700 _aკუპრაშვილი, შ.
_eმხატვარი
_96302
942 _cBK
_2udc